Promulgating rules and regulations re berthing of vessels, handling of cargo and scale of arrastre and other charges; revoking C.A.O. Nos. 119 and 132.

Bibliographic Details
Corporate Author: Philippines. Bureau of Customs
Format: Government Document eBook
Language:English
Published: Manila, Philippines : [publisher not identified], 1921.
Series:Philippine Customs Admin. Order No. 137
Subjects:
Online Access:Connect to the full text of this electronic document

MARC

Tag First Indicator Second Indicator Subfields
LEADER 00000cam a22000001a 4500
001 in00003769607
005 20190409171216.0
006 m o d f
007 cr bn mmmapmmp
008 040322s1921 ph o f000 0 eng d
035 |a ebd1910707387 
040 |a UMI  |c UMI  |d UtOrBLW 
086 0 |a W 49.10/10:137 
099 |a W49.10-22.137 
245 0 0 |a Promulgating rules and regulations re berthing of vessels, handling of cargo and scale of arrastre and other charges; revoking C.A.O. Nos. 119 and 132. 
264 1 |a Manila, Philippines :  |b [publisher not identified],  |c 1921. 
300 |a 1 online resource (18 pages) 
336 |a text  |b txt  |2 rdacontent 
337 |a computer  |b c  |2 rdamedia 
338 |a online resource  |b cr  |2 rdacarrier 
490 0 |a Philippine Customs Admin. Order No. 137 
500 |a [on Philippine customs regulations]. 
500 |a Record is based on bibliographic data in ProQuest U.S. Executive Branch Documents, 1910-1932. Reuse except for individual research requires license from ProQuest, LLC. 
533 |a Electronic reproduction.  |b [Bethesda, Md.] :  |c ProQuest,  |d 2012.  |e digital, PDF file.  |n ProQuest U.S. Executive Branch Documents, 1910-1932.  |n Mode of access: World Wide Web via ProQuest website. 
538 |a System requirements: PDF reader software. 
500 |a Electronic resource. 
610 1 0 |a Philippines.  |b Bureau of Customs.  |0 http://id.loc.gov/authorities/names/n85214888 
650 0 |a Freight and freightage.  |0 http://id.loc.gov/authorities/subjects/sh85051743 
650 0 |a Ships.  |0 http://id.loc.gov/authorities/subjects/sh85121591 
650 0 |a Tariff.  |0 http://id.loc.gov/authorities/subjects/sh85132493 
655 7 |a Electronic books.  |2 local 
710 1 |a Philippines.  |b Bureau of Customs.  |0 http://id.loc.gov/authorities/names/n85214888 
776 1 8 |i Microfiche version:  |t Promulgating rules and regulations re berthing of vessels, handling of cargo and scale of arrastre and other charges; revoking C.A.O. Nos. 119 and 132  |o CIS US Exec MF W49.10-22.137  |w (ProQuest)cis19175656 
856 4 0 |u http://proxy.library.tamu.edu/login?url=http://congressional.proquest.com/congressional/docview/t66.d71.w49.10-22.137  |z Connect to the full text of this electronic document  |t 0 
999 f f |s 62b37ac2-eac4-3137-8339-50fdaafd72de  |i 44dcc699-e618-378b-8a0e-96672d9200a8  |t 0 
952 f f |a Texas A&M University  |b College Station  |c Electronic Resources  |d Available Online  |t 0  |h No information provided 
998 f f |t 0  |l Available Online